| 000 | 00482nam a22001697a 4500 | ||
|---|---|---|---|
| 005 | 20251108172744.0 | ||
| 008 | 250721s1991 xx 000 0 ara d | ||
| 082 | 1 | 4 | _aق/حرف |
| 100 | 1 |
_aحرفوش، محمد عارف _eمؤلف |
|
| 245 | 1 | 0 |
_aالزمن المتجمد : _bرواية / |
| 264 | 1 |
_aطرابلس : _bجروس برس، _c1991. |
|
| 300 | _a230ص. | ||
| 650 | 1 | 7 | _aالقصص العربية |
| 650 | 1 | 7 | _aالروايات |
| 942 |
_2ddc _cBK |
||
| 999 |
_c87694 _d87694 |
||